|
|
|
|
| LEADER |
03176nam a22004695i 4500 |
| 001 |
978-3-658-08788-3 |
| 003 |
DE-He213 |
| 005 |
20151204161800.0 |
| 007 |
cr nn 008mamaa |
| 008 |
150129s2015 gw | s |||| 0|eng d |
| 020 |
|
|
|a 9783658087883
|9 978-3-658-08788-3
|
| 024 |
7 |
|
|a 10.1007/978-3-658-08788-3
|2 doi
|
| 040 |
|
|
|d GrThAP
|
| 050 |
|
4 |
|a HF5410-5417.5
|
| 072 |
|
7 |
|a KJS
|2 bicssc
|
| 072 |
|
7 |
|a KJSM
|2 bicssc
|
| 072 |
|
7 |
|a BUS043000
|2 bisacsh
|
| 082 |
0 |
4 |
|a 658.8
|2 23
|
| 100 |
1 |
|
|a Schulte, Benjamin Krischan.
|e author.
|
| 245 |
1 |
0 |
|a Staying the Consumption Course
|h [electronic resource] :
|b Exploring the Individual Lock-in Process in Service Relationships /
|c by Benjamin Krischan Schulte.
|
| 264 |
|
1 |
|a Wiesbaden :
|b Springer Fachmedien Wiesbaden :
|b Imprint: Springer Gabler,
|c 2015.
|
| 300 |
|
|
|a XVII, 228 p. 28 illus.
|b online resource.
|
| 336 |
|
|
|a text
|b txt
|2 rdacontent
|
| 337 |
|
|
|a computer
|b c
|2 rdamedia
|
| 338 |
|
|
|a online resource
|b cr
|2 rdacarrier
|
| 347 |
|
|
|a text file
|b PDF
|2 rda
|
| 520 |
|
|
|a Benjamin Krischan Schulte develops a process-model of consumer lock-in in service relationships by connecting three areas of research: path dependence, consumer behavior and service relationship marketing. He defines consumer lock-in as a situation of a potentially unaware inability to switch from or exit a consumption process due to entrenchment with increasing barriers on the individual and/or social level. Switching barriers are elaborated as consumer lock-in mechanisms. The resulting process model is outlined and empirically examined in an explorative panel study of a service relationship process in higher education. The author´s findings support the presence of consumer lock-in in services as an idiosyncratic process of gradual entrapment. The phenomenon has relevance for researchers and practitioners in complex service relationships, where lock-in was found to be a likely occurrence but difficult to grasp. Contents Theoretical Foundation: Path Dependence, Consumer Behavior and Service Relationship Research Model of the Consumer Lock-in Process Longitudinal Study with Service Consumers in a Higher Education Service Target Groups Researchers, teachers and students of business with a focus on consumer behavior and relationship-marketing, particularly the process in complex service relationships Executives and consultants in services companies with the core areas strategy, CRM, and customer retention The Author Benjamin Krischan Schulte obtained a Doctoral Degree in Business from Freie Universität Berlin in 2014.
|
| 650 |
|
0 |
|a Business.
|
| 650 |
|
0 |
|a Marketing.
|
| 650 |
|
0 |
|a Market research.
|
| 650 |
|
0 |
|a Operations research.
|
| 650 |
|
0 |
|a Decision making.
|
| 650 |
1 |
4 |
|a Business and Management.
|
| 650 |
2 |
4 |
|a Marketing.
|
| 650 |
2 |
4 |
|a Operation Research/Decision Theory.
|
| 650 |
2 |
4 |
|a Market Research/Competitive Intelligence.
|
| 710 |
2 |
|
|a SpringerLink (Online service)
|
| 773 |
0 |
|
|t Springer eBooks
|
| 776 |
0 |
8 |
|i Printed edition:
|z 9783658087876
|
| 856 |
4 |
0 |
|u http://dx.doi.org/10.1007/978-3-658-08788-3
|z Full Text via HEAL-Link
|
| 912 |
|
|
|a ZDB-2-SBE
|
| 950 |
|
|
|a Business and Economics (Springer-11643)
|